| 000 | 00466nam a2200133Ia 4500 | ||
|---|---|---|---|
| 008 | 190712s9999 xx 000 0 und d | ||
| 020 | _a9781912233359 | ||
| 100 | _aMallinos, Jennifer Moore | ||
| 245 |
_cJennifer Moore-Mallinos; Marta Fabrega _aPaper craft art: _bcreative journaling, letter writing and cards/ |
||
| 260 |
_aGreat Britain: _bSalariya Book Company Ltd. _c2018 |
||
| 300 |
_a63 p. ; _bcol. ill. : _c260 cm. |
||
| 650 | _aPaper art | ||
| 650 | _aPaper work | ||
| 999 |
_c361952 _d361952 |
||